banner koha

Isolamento de Streptococcus spp de tilápias do nilo (Oreochromis niloticus)e qualidade da água de tanques rede na Região Norte do Estado do Paraná, Brasil (Registro n. 187651)

MARC details
000 -LÍDER
campo de controle de tamanho fixo 01168nas a2200385 4500
001 - NÚMERO DE CONTROLE
campo de controle BR0700406
003 - IDENTIFICADOR DO NÚMERO DE CONTROLE
campo de controle BR-BrBNA
005 - DATA E HORÁRIO DA ÚLTIMA TRANSAÇÃO
campo de controle 20231205110513.0
007 - CAMPO FIXO DE DESCRIÇÃO FÍSICA--INFORMAÇÃO GERAL
campo de controle de tamanho fixo ta
008 - CAMPO DE DADOS FIXOS--INFORMAÇÃO GERAL
campo de controle de tamanho fixo 230509b bl.|||p| |||| 00| 00por d
040 ## - FONTE DA CATALOGAÇÃO
Instituição da catalogação original BR-BrBNA
Idioma da catalogação por
Instituição que transcreveu o registro Biblioteca Nacional de Agricultura
041 ## - CÓDIGO DE IDIOMA
Código do idioma do texto/trilha sonora ou título diferente (Pt)
072 ## - CÓDIGO DE CATEGORIA DE ASSUNTO
Código de Categoria de Assunto L73; P10
100 1# - ENTRADA PRINCIPAL--NOME PESSOAL
Nome pessoal Salvador, R.
100 1# - ENTRADA PRINCIPAL--NOME PESSOAL
Nome pessoal Müller, E.E.
100 1# - ENTRADA PRINCIPAL--NOME PESSOAL
Nome pessoal Leonhardt, J.H.
100 1# - ENTRADA PRINCIPAL--NOME PESSOAL
Nome pessoal Pretto-Giordano, L.G.
100 1# - ENTRADA PRINCIPAL--NOME PESSOAL
Nome pessoal Dias, J.A.
100 1# - ENTRADA PRINCIPAL--NOME PESSOAL
Nome pessoal Freitas, J.C. de
100 1# - ENTRADA PRINCIPAL--NOME PESSOAL
Nome pessoal Moreno, A.M.
245 1# - TÍTULO
Título Isolamento de Streptococcus spp de tilápias do nilo (Oreochromis niloticus)e qualidade da água de tanques rede na Região Norte do Estado do Paraná, Brasil
650 ## - ASSUNTO--TERMO TÓPICO
Cabeçalho tópico ou nome geográfico TILÁPIA NILÓTICA
650 ## - ASSUNTO--TERMO TÓPICO
Cabeçalho tópico ou nome geográfico OREOCHROMIS NILOTICUS
650 ## - ASSUNTO--TERMO TÓPICO
Cabeçalho tópico ou nome geográfico BACTÉRIA
650 ## - ASSUNTO--TERMO TÓPICO
Cabeçalho tópico ou nome geográfico QUALIDADE DA ÁGUA
650 ## - ASSUNTO--TERMO TÓPICO
Cabeçalho tópico ou nome geográfico TANQUE
650 ## - ASSUNTO--TERMO TÓPICO
Cabeçalho tópico ou nome geográfico CRIAÇÃO INTENSIVA
650 ## - ASSUNTO--TERMO TÓPICO
Cabeçalho tópico ou nome geográfico MORTALIDADE ANIMAL
650 ## - ASSUNTO--TERMO TÓPICO
Cabeçalho tópico ou nome geográfico TEMPERATURA
650 ## - ASSUNTO--TERMO TÓPICO
Cabeçalho tópico ou nome geográfico PH
650 ## - ASSUNTO--TERMO TÓPICO
Cabeçalho tópico ou nome geográfico PARANÁ
773 0# - ENTRADA ANALÍTICA
Título Semina (Brazil)
ISSN - International Standard Serial Number ISSN 1676-546X
Partes relacionadas (Jan-Jun 2003), v. 24(1) p. 35-42
Número de controle do registro BR0700406
909 ## -
-- 202311
-- Lúcia
-- 55
-- Lúcia Elande
942 ## - ELEMENTOS DE ENTRADA ADICIONADOS (KOHA)
Fonte da classificação ou esquema de arquivamento na estante Classificação AGRIS
Ocultar no OPAC Não
Tipo de material Koha Analítica
Exemplares
Situação do descarte Fonte da classificação ou esquema de arquivamento na estante Situação física Não pode ser emprestado Biblioteca de origem Biblioteca atual Localização na estante Enumeração do periódico / cronologia Total de empréstimos Data de último acesso Número do exemplar Tipo de material Koha Fonte de aquisição
  Classificação AGRIS   Consulta local Biblioteca Nacional de Agricultura - Binagri Biblioteca Nacional de Agricultura - Binagri   (Jan-Jun 2003), v. 24(1) p. 35-42   29/11/2023 01 Periódicos Portaria Interministerial nº 164/94

BINAGRI

Telefone: (61)3218-2567/2388/3357/2097 - binagri@agro.gov.br

Ministério da Agricultura e Pecuária , Esplanada dos Ministérios, Bloco D, Anexo B, Brasília/DF, CEP: 70.043-900